Movies Quiz

Random Movies Quiz

Top 50 Films (2000-2009) Quiz Stats

 Plays Quiz not verified by Sporcle

Support Sporcle.
Go Orange.
Score 0/50 Timer 08:00
0 Plays Today
Rank Film % Correct
23.3 Idiots
92.3%
1.The Dark Knight
71.3%
2.The Lord of the Rings: The Return of the King
69.7%
4.The Lord of the Rings: The Two Towers
69.7%
3.The Lord of the Rings: The Fellowship of the Ring
67.2%
9.The Departed
58.2%
20.Batman Begins
56.6%
30.A Beautiful Mind
53.8%
35.No Country for Old Men
53.3%
22.Up
52.5%
10.Gladiator
44.3%
13.WALL·E
43.4%
33.Finding Nemo
43.4%
42.Million Dollar Baby
41.8%
49.Monsters, Inc.
38.5%
7.Memento
36.9%
38.There Will Be Blood
36.9%
19.Inglourious Basterds
36.1%
27.Gran Torino
25.4%
5.City of God
24.6%
11.The Prestige
23.8%
17.Eternal Sunshine of the Spotless Mind
23%
8.The Pianist
20.5%
36.Kill Bill: Vol. 1
19.7%
6.Spirited Away
18%
Rank Film % Correct
25.Pan's Labyrinth
18%
43.Sin City
15.6%
21.Like Stars on Earth
15.4%
28.Howl's Moving Castle
15.4%
29.V for Vendetta
15.4%
40.Munna Bhai M.B.B.S.
15.4%
16.Requiem for a Dream
14.8%
12.The Lives of Others
13.1%
45.The Bourne Ultimatum
13.1%
14.Oldboy
10.7%
46.Donnie Darko
10.7%
37.Rang De Basanti
7.7%
39.A Wednesday
7.7%
44.Hachi: A Dog's Tale
7.7%
47.Infernal Affairs
7.7%
48.Memories of Murder
7.7%
24.Downfall
7.4%
18.Snatch.
7.4%
34.Hotel Rwanda
5.7%
31.Into the Wild
4.9%
41.Amores Perros
4.9%
15.Amélie
3.3%
26.The Secret in Their Eyes
3.3%
32.Mary and Max
3.3%
50.Ip Man
3.3%

You're not logged in!

Compare scores with friends on all Sporcle quizzes.
OR
Log In

From the Vault

'Pride (In the Name of Love)' Lyrics by U2

by MrChewypoo

"Pride (In the Name of Capitalism)" just doesn't have the same ring to it.
Remove Ads.
Support Sporcle.
Get the best of Sporcle when you Go Orange. This ad-free experience offers more features, more stats, and more fun while also helping to support Sporcle. Thank you for becoming a member.

Show Comments

Extras

Created Mar 14, 2011SourceReportNominate
Tags:2000s, Rating, Top 50

Top Quizzes Today


Score Distribution

Your Account Isn't Verified!

In order to create a playlist on Sporcle, you need to verify the email address you used during registration. Go to your Sporcle Settings to finish the process.

Report this User

Report this user for behavior that violates our Community Guidelines.

Details: